000 00722nam a2200229 a 4500
999 _c11315
_d11315
001 11315
003 BD-JhCC
005 20200319134018.0
008 190624s 2014bg |||| ||a| 000 0 ben d
020 _a9789844950948
035 _a(BD-JhCC)11315
040 _aBD-JhCC
_dBD-JhCC
041 _aben
082 _a891.4435
_bMAM 2014
100 _aমামুন, মোস্তফা
245 _aগল্প সমগ্র /
_c মোস্তফা মামুন ।
260 _aঢাকা:
_bপার্ল পাবলিকেশন্স;
_c২০১৪.
300 _a৩১৯ পৃ . :
_c২২ সেমি.
650 _aBengali Shorty Story
942 _2ddc
_cBK
_02